Normal view
MARC view
- ISLAM-ALOOM- UL- QURAN
Entry Topical Term
001 - CONTROL NUMBER
- control field: 77721
003 - CONTROL NUMBER IDENTIFIER
- control field: NUST
005 - DATE AND TIME OF LATEST TRANSACTION
- control field: 20210628205955.0
008 - FIXED-LENGTH DATA ELEMENTS
- fixed length control field: 210628|| aca||aabn | a|a d
040 ## - CATALOGING SOURCE
- Original cataloging agency: NUST
- Transcribing agency: NUST
150 ## - HEADING--TOPICAL TERM
- Topical term or geographic name entry element: ISLAM-ALOOM- UL- QURAN
670 ## - SOURCE DATA FOUND
- Source citation: Work cat.: (NUST): Taqi Usmani 77720, Aloom- ul- quran, 2004
